000 00575nam a22002297a 4500
003 UA-OsUOA
001 91948
007 ta
008 20121207b un ||||| |||| 00| 0 ukr d
100 _aШпорта Я.
090 _a821.161.2
_bШ84
942 _cBK
040 _aUA-OsUOA
_bukr
_cUA-OsUOA
_dUA-OsUOA
245 _aВибране
300 _a545 с.
955 _a3
041 _aukr
080 _a821.161.2
260 _aК.
_bДержлітвидав
_c1958
650 7 _a82 Література. Літературознавство
_2UDC
999 _c378207
_d378207